Quizzes
Events
Quiz Creation
Community
Videos
Private Events
Remove Ads
Sign In
Join for FREE
Feedback
Dark Mode
Quiz Categories
Sports
Geography
Music
Movies
Television
Just For Fun
Miscellaneous
History
Literature
Language
Science
Gaming
Entertainment
Religion
Holiday
For Kids
Quiz Lab
Recent
Popular Today
Quiz Kudos Today
Editor Picks
Curator Picks
Quizzes by...
Day
Popularity
Type
Ratings
Length
Year
Community
Subscriptions
Recent Discussions
Orange Saloon
Badges
Playlists
Quests
Create
Leaderboards
Showdown
Live 5
Trivia Bingo
Activity
Puzzle Library
Sporcle Events
Private Events
Virtual Trivia
Globe League
Become a Host
Pub Owners
SporcleCon
Opinionation
Our Games
Videos
Blog
Mobile Apps
Partnerships
Remove Ads and Go Orange
Feedback
Music
Pop Music
The Beatles
Song
Album
Lyrics
Bands
Singers
Artist
Clip
Rock
Rap
Classical
Billboard
Country Music
Kpop
Taylor Swift
Music
Pop Music
The Beatles
Song
Album
Lyrics
Bands
Singers
Artist
Clip
Rock
Rap
Classical
Billboard
Country Music
Kpop
Taylor Swift
Random Quiz
Search Sporcle
×
Quiz Lab
Quiz Lab
Music
Song
Type in answers that appear in a list
Type in answers that appear in a list
Classic
Best Score? Go Orange.
Hunter Hayes - Love Makes Me lyrics Stats
Can you name the Hunter Hayes - Love Makes Me lyrics?
By
HunterHayesFan
7m
282 Questions
244 Plays
244 Plays
244 Plays
Comments
Comments
Give Quiz Kudos
Give Quiz Kudos
-
- Ratings
hide this ad
More Info
Replay
Link that replays current quiz
Next Quiz
Link to next quiz in quiz playlist
You Got
0%
They Got
Avg Score
77%
Avg Friend Score
Upgrade to see
Score Distribution
Jump to the score distribution portion of the page
Score
0/282
Timer
07:00
0
Plays Today
% Correct
but
96.7%
but
96.7%
and
95.9%
and
95.1%
and
95.1%
the
94.7%
and
94.7%
the
94.7%
the
94.7%
the
94.7%
the
94.7%
the
94.7%
and
94.7%
the
94.7%
do
94.7%
a
94.7%
the
94.7%
the
94.7%
the
94.7%
the
94.7%
and
94.7%
the
94.7%
a
94.7%
do
94.7%
it
94.3%
it
94.3%
make
94.3%
it
94.3%
it
94.3%
it
94.3%
it
94.3%
it
94.3%
it
94.3%
it
94.3%
it
94.3%
it
94.3%
me
93.9%
me
93.9%
me
93.9%
me
93.9%
me
93.9%
me
93.9%
me
93.9%
me
93.9%
me
93.9%
me
93.9%
me
93.9%
me
93.9%
me
93.9%
me
93.9%
makes
92.6%
makes
92.6%
makes
92.6%
makes
92.6%
makes
92.6%
makes
92.6%
makes
92.6%
makes
92.6%
makes
92.6%
love
92.2%
love
92.2%
love
92.2%
love
92.2%
love
92.2%
love
92.2%
love
92.2%
so
89.8%
so
89.8%
so
89.8%
so
89.8%
so
89.8%
so
89.8%
so
89.8%
because
89.3%
'cause
89.3%
'cause
89.3%
'cause
89.3%
'cause
89.3%
I
88.1%
I
88.1%
I
88.1%
I
88.1%
I
88.1%
I
88.1%
I
88.1%
I
88.1%
I
88.1%
I
88.1%
feel
86.9%
feel
86.9%
feel
86.9%
of
86.5%
of
86.5%
good
85.7%
% Correct
good
85.7%
good
85.7%
good
85.7%
to
84.4%
I'm
84.4%
I'm
84.4%
I'm
84.4%
to
84.4%
I'm
84.4%
I'm
84.4%
to
84.4%
it's
83.6%
don't
83.6%
don't
83.6%
it's
83.6%
'cause
83.6%
it's
83.6%
don't
83.6%
it's
83.6%
don't
83.6%
it's
83.6%
don't
83.6%
'cause
83.6%
my
82.8%
up
82.8%
up
82.8%
my
82.8%
my
82.8%
up
82.8%
my
82.8%
my
82.8%
my
82.8%
off
81.1%
this
81.1%
this
81.1%
this
81.1%
this
81.1%
this
81.1%
can't
80.7%
fault
80.7%
can't
80.7%
can't
80.7%
fault
80.7%
can't
80.7%
fault
80.7%
wrap
80.3%
tear
79.9%
crank
79.9%
help
79.9%
help
79.9%
help
79.9%
shrink
79.5%
loud
79.5%
but
79.1%
behave
79.1%
behave
79.1%
but
79.1%
but
79.1%
behave
79.1%
put
78.7%
not
78.7%
not
78.7%
not
78.7%
no
78.3%
needle
77.9%
down
77.9%
best
77.9%
way
77.9%
blame
77.9%
on
77.9%
way
77.9%
best
77.9%
way
77.9%
blame
77.9%
best
77.9%
way
77.9%
blame
77.9%
try
77.5%
feeling
77.5%
if
77.5%
try
77.5%
feelin'
77.5%
if
77.5%
try
77.5%
feelin'
77.5%
that
77%
crazy
77%
crazy
77%
that
77%
kiss
76.6%
an
76.6%
kiss
76.6%
got
75.8%
cash
75.4%
% Correct
yeah
75%
yeah
75%
one
74.6%
one
74.6%
what
73.8%
what
73.8%
more
73.4%
more
73.4%
addiction
73%
addiction
73%
is
72.1%
sweetest
72.1%
is
72.1%
sweetest
72.1%
some
70.9%
some
70.9%
with
70.5%
gonna
70.5%
fiction
70.1%
fiction
70.1%
bedroom
69.7%
home
69.7%
kind
69.7%
kind
69.7%
praying
68.9%
alive
68.9%
horses
68%
tonight
68%
or
68%
or
68%
fill
67.6%
at
67.6%
i'll
67.6%
like
67.2%
like
67.2%
mustang
66.8%
much
66.8%
much
66.8%
out
66.4%
out
66.4%
in
66%
hard
65.6%
late
65.6%
hard
65.6%
stealing
63.5%
you
63.5%
pedal
63.1%
screamin
62.7%
mumma
62.7%
telling
61.9%
lies
61.9%
white
61.1%
drive
60.2%
sneaking
60.2%
take
59.8%
night
59.4%
things
59%
all
58.6%
all
58.6%
just
58.2%
little
57.8%
gotta
56.1%
well
55.7%
sweet
55.7%
than
55.7%
well
55.7%
for
54.9%
feels
54.5%
have
54.1%
she
53.7%
sucker
52.9%
oh
51.2%
think
48.8%
stupid
48.4%
her
48%
heavenly
48%
get
47.5%
stayin'
47.5%
high
47.5%
fight
47.5%
into
46.7%
into
46.7%
watchin'
46.3%
losin'
46.3%
ridin'
45.9%
sleep
45.5%
enough
44.7%
mind
44.7%
packed
44.3%
leans
43.4%
hand
41.8%
touch
41%
how
36.9%
buzz
36.5%
Quiz Playlist
Details
Report
Send in Message
Add To Playlist
More Info:
Try to name all of the lyrics from this awesome country song, from Hunters debut album.
Classic:
Type in answers that appear in a list
Last Updated: Feb 16, 2017
Quiz Scoreboard
CHALLENGE
Sign Up to Join the Scoreboard
Show All
Scores
Hide
Comments
May contain spoilers
Recently Published
9x9 Crossword: Cartoon Network
by jackfrog10
Miscellaneous
3m
College Basketball Coaching Resumes
by pancakes188
Sports
9m
Billboard Blitz: Fleetwood Mac
by CooCooCachoo
Music
15s
More to Explore
Quiz From the Vault
Featured Blog Post
Where Did the Easter Bunny Come From?
hide this ad
You Might Also Like...
Tags
Country Quiz
Song Quiz
Hunter
Musical Instruments
Musical Songs
Music Awards
Music Festival
Musician
Songs on Album
Today's Top Quizzes in Music
Browse Music
hide this ad
Today's Top Quizzes in Song
Browse Song
Top Contributed Quizzes in Music
1
Taylor Swift All Songs (2024)
2
Guess the Artist- 70s Songs
3
7-to-1: Billboard Hot 100 #1 Hits of 2010s
4
Sorting Albums and Songs
5
Taylor Swift Logic Puzzle
6
KPOP LOGIC QUIZ
7
Guess the Taylor Swift song (Mystery Song)
8
Guess The Taylor Swift Lyrics Song #1
9
Billboard Blitz: ABBA
10
One Thing in Common: Music
Explore More
Trending Topics
Disney
Kpop
Crossword
Anime
Harry Potter
NBA
Marvel
Song
WWE
Soccer
NFL
Country
The Office
Puzzle
Pokémon
hide this ad
More By:
HunterHayesFan
Quiz
Plays
Rating
Category
Featured
Created
Can you name the Hunter Hayes - I Want Crazy lyrics?
833
5.00
Music
May 21, 2013
Name the songs on the Hunter Hayes Encore record.
384
5.00
Music
Apr 14, 2013
Hunter Hayes Storm Warning lyrics!
329
Music
Dec 11, 2012
Hunter Hayes Encore
250
5.00
Music
Aug 28, 2013
Hunter Hayes - Love Makes Me lyrics
244
4.50
Music
May 27, 2013
Go to Creator's Profile
Score Distribution
Quiz Creator Spotlight
HunterHayesFan
Follow
Send a Message
Quizzes Created
-
Created Quiz Play Count
-
More By This Creator
Popular Quizzes Today
1
Find the US States - No Outlines Minefield
2
Find the Countries of Europe - No Outlines Minefield
3
The Countries of the World
4
Find the US States
5
Risky Map Clicking: Biggest States A-Z
6
US States
7
Popular People in 1961
8
Movies - When Are They Set?
More Music Quizzes
100 Most Recorded Classical Composers
Curator's Pick
Trending Quizzes
Risky Map Clicking: Least Populous States A-Z
1-10 Letter G Words
1-10 Letter F Words
Risky Map Clicking: Next State Alphabetically
Adjectives in 80s TV Shows
Recently Updated
Leaping Animals
pecheneg
Reality TV Shows (A-Z)
bhenderson79
Rickey Henderson's Hall of Fame Teammates
pecheneg
Champions League XIs: Arsenal
pecheneg
Quick Pick: Celebrities in WWE's Hall of Fame
aduchscher
A-Z Keypad Blitz II
pecheneg
Multiple Oscar Actors
pecheneg
Mystery Phrase Blitz: Oscar 'Best Actors'
pecheneg
F. Scott Fitzgerald Novels
LTH
Pick 3 Villains
ddd62291
Trending Topics
Anime
Kpop
Harry Potter
Crossword
Marvel
Disney
NBA
Country
Pokémon
Puzzle
NFL
Song
The Office
Soccer
WWE
Your Account Isn't Verified!
In order to create a playlist on Sporcle, you need to verify the email address you used during registration. Go to your
Sporcle Settings
to finish the process.
Report this User
Report this user for behavior that violates our
Community Guidelines
.
Details:
Send Report
Go to the Sporcle.com Mobile Site →
Comments